[Event "Mitropa Cup 23th"]
[Site "Zemplinska Sirava"]
[Date "2004.06.03"]
[Round "6.4"]
[White "Prie, Eric"]
[Black "Sikorova, Olga"]
[Result "1/2-1/2"]
[WhiteElo "2427"]
[BlackElo "2275"]
[PlyCount "97"]
[EventDate "2004.05.29"]
[EventType "team-tourn"]
[EventRounds "9"]
[EventCountry "SVK"]
[Source "ChessBase"]
[SourceDate "2004.07.06"]
[WhiteTeam "France"]
[BlackTeam "Czech Republic"]
[WhiteTeamCountry "FRA"]
[BlackTeamCountry "CZE"]

1. d4 c5 2. c3 e6 3. a3 b6 4. Nf3 Bb7 5. Bg5 Be7 6. Bxe7 Qxe7 7. Nbd2 Nf6 8. e3
O-O 9. Be2 d6 10. O-O Nbd7 11. a4 Rfd8 12. a5 Nf8 13. Qb3 Qc7 14. Nc4 N8d7 15.
Na3 Ne4 16. Rfd1 Bc6 17. Bb5 Ndf6 18. Bxc6 Qxc6 19. h3 Rab8 20. axb6 Rxb6 21.
Qa2 d5 22. dxc5 Qxc5 23. Nc4 Rb7 24. Nce5 Rdb8 25. Nd3 Qe7 26. Nb4 Rc8 27. Qa6
Nc5 28. Qe2 Nfe4 29. Nd4 Qe8 30. Ra2 Na4 31. Qa6 Nec5 32. Qa5 Nb6 33. Qb5 Qf8
34. Qe2 Nc4 35. Ndc6 a6 36. Na5 Nxa5 37. Rxa5 Rcb8 38. Rxc5 Qxc5 39. Nxa6 Qd6
40. Nxb8 Qxb8 41. Rd2 Ra7 42. Qd1 h6 43. c4 Qa8 44. Rc2 Ra1 45. Rc1 Rxc1 46.
Qxc1 dxc4 47. f3 Qd5 48. Kf2 h5 49. h4 1/2-1/2

[Event "Mitropa Cup 23th"]
[Site "Zemplinska Sirava"]
[Date "2004.06.03"]
[Round "6.1"]
[White "Varga, Zoltan"]
[Black "Mikhalchishin, Adrian"]
[Result "1/2-1/2"]
[WhiteElo "2564"]
[BlackElo "2527"]
[PlyCount "26"]
[EventDate "2004.05.29"]
[EventType "team-tourn"]
[EventRounds "9"]
[EventCountry "SVK"]
[Source "ChessBase"]
[SourceDate "2004.07.06"]
[WhiteTeam "Hungary"]
[BlackTeam "Slovenia"]
[WhiteTeamCountry "HUN"]
[BlackTeamCountry "SLO"]

1. e4 e5 2. Nf3 Nc6 3. d4 exd4 4. Nxd4 Bc5 5. Nb3 Bb6 6. Nc3 Nf6 7. Qe2 d6 8.
Be3 Be6 9. O-O-O Qe7 10. f3 O-O-O 11. Bxb6 axb6 12. Qb5 d5 13. Bd3 dxe4 1/2-1/2

[Event "Mitropa Cup 23th"]
[Site "Zemplinska Sirava"]
[Date "2004.06.03"]
[Round "6.2"]
[White "Borisek, Jure"]
[Black "Horvath, Adam"]
[Result "1/2-1/2"]
[WhiteElo "2464"]
[BlackElo "2517"]
[PlyCount "36"]
[EventDate "2004.05.29"]
[EventType "team-tourn"]
[EventRounds "9"]
[EventCountry "SVK"]
[Source "ChessBase"]
[SourceDate "2004.07.06"]
[WhiteTeam "Slovenia"]
[BlackTeam "Hungary"]
[WhiteTeamCountry "SLO"]
[BlackTeamCountry "HUN"]

1. e4 c5 2. Nf3 Nc6 3. d4 cxd4 4. Nxd4 e6 5. Nb5 d6 6. Bf4 e5 7. Be3 Nf6 8. Bg5
Be6 9. Bxf6 gxf6 10. Nd2 Rc8 11. Nc4 d5 12. exd5 Bxd5 13. c3 Bxc4 14. Bxc4
Qxd1+ 15. Rxd1 a6 16. Nd6+ Bxd6 17. Rxd6 Ke7 18. Rd1 f5 1/2-1/2

[Event "Mitropa Cup 23th"]
[Site "Zemplinska Sirava"]
[Date "2004.06.03"]
[Round "6.3"]
[White "Antal, Gergely"]
[Black "Lenic, Luka"]
[Result "1/2-1/2"]
[WhiteElo "2495"]
[BlackElo "2374"]
[PlyCount "113"]
[EventDate "2004.05.29"]
[EventType "team-tourn"]
[EventRounds "9"]
[EventCountry "SVK"]
[Source "ChessBase"]
[SourceDate "2004.07.06"]
[WhiteTeam "Hungary"]
[BlackTeam "Slovenia"]
[WhiteTeamCountry "HUN"]
[BlackTeamCountry "SLO"]

1. e4 c5 2. Nf3 Nc6 3. d4 cxd4 4. Nxd4 g6 5. c4 Bg7 6. Be3 Nf6 7. Nc3 O-O 8.
Be2 b6 9. O-O Bb7 10. f3 e6 11. Ndb5 d5 12. cxd5 exd5 13. exd5 Ne7 14. d6 Nf5
15. Bf2 Ne8 16. Qb3 Nexd6 17. Rad1 Qf6 18. Nxd6 Nxd6 19. a4 Nf5 20. a5 Qg5 21.
Ne4 Bxe4 22. fxe4 Qe7 23. Bc4 Nd6 24. Bd5 Rab8 25. axb6 axb6 26. Rc1 Kh8 27.
Rc6 Nxe4 28. Bxe4 Qxe4 29. Rxb6 Rxb6 30. Qxb6 Qe5 31. b4 Rb8 32. Qc6 Qc3 33. b5
Qxc6 34. bxc6 Rc8 35. Rc1 Be5 36. Bb6 Kg7 37. g4 Kf6 38. Kg2 Ke6 39. Ba5 f5 40.
gxf5+ Kxf5 41. h3 h5 42. h4 g5 43. hxg5 Kxg5 44. Kf3 Kf5 45. Rc5 Ke6 46. Ke4
Bd6 47. Rc1 h4 48. Kd4 h3 49. Re1+ Kf5 50. Kd5 Bg3 51. Rc1 h2 52. Rh1 Kg4 53.
c7 Kh3 54. Kc6 Kg2 55. Rxh2+ Bxh2 56. Kb7 Rxc7+ 57. Bxc7 1/2-1/2

[Event "Mitropa Cup 23th"]
[Site "Zemplinska Sirava"]
[Date "2004.06.03"]
[Round "6.4"]
[White "Sakelsek, Tadej"]
[Black "Erdos, Viktor"]
[Result "1-0"]
[WhiteElo "2374"]
[BlackElo "2473"]
[PlyCount "115"]
[EventDate "2004.05.29"]
[EventType "team-tourn"]
[EventRounds "9"]
[EventCountry "SVK"]
[Source "ChessBase"]
[SourceDate "2004.07.06"]
[WhiteTeam "Slovenia"]
[BlackTeam "Hungary"]
[WhiteTeamCountry "SLO"]
[BlackTeamCountry "HUN"]

1. e4 e6 2. d4 d5 3. Nd2 c5 4. Ngf3 cxd4 5. Nxd4 Nf6 6. Bd3 Bc5 7. N4b3 Bd6 8.
exd5 Nxd5 9. Ne4 Be7 10. O-O Nc6 11. c4 Nf6 12. Qe2 Qc7 13. Nc3 Bd7 14. Nb5 Qb8
15. N3d4 O-O 16. Nxc6 Bxc6 17. Nd4 Bd7 18. b3 Bd6 19. h3 Re8 20. Bb2 Qc7 21.
Rfe1 Rad8 22. Rac1 Bh2+ 23. Kh1 Bf4 24. Rcd1 e5 25. Nb5 Qb6 26. Nd6 Re7 27. Ne4
Ree8 28. Bb1 Nxe4 29. Bxe4 Qh6 30. Qf3 b6 31. Kg1 Qf6 32. Rd3 Be6 33. Red1 Rxd3
34. Qxd3 g6 35. g3 Bh6 36. Kg2 Bf8 37. f4 Qe7 38. Bxe5 Qc5 39. Qd4 Qc8 40. h4
Bg4 41. Bf3 Bh3+ 42. Kh2 Bc5 43. Qd2 a5 44. Bb2 Kf8 45. Qc3 Qe6 46. Qg7+ Ke7
47. Rd5 Bd6 48. Be5 Bc5 49. Bc3 Bd6 50. c5 bxc5 51. Be5 Rd8 52. Bxd6+ Rxd6 53.
Re5 Rd2+ 54. Kg1 Rxa2 55. Rxe6+ Bxe6 56. Qe5 Rc2 57. Bd5 Rd2 58. Bxe6 1-0

[Event "Mitropa Cup 23th"]
[Site "Zemplinska Sirava"]
[Date "2004.06.04"]
[Round "7.2"]
[White "Braun, Arik"]
[Black "Balinov, Ilija"]
[Result "1-0"]
[WhiteElo "2455"]
[BlackElo "2382"]
[PlyCount "139"]
[EventDate "2004.05.29"]
[EventType "team-tourn"]
[EventRounds "9"]
[EventCountry "SVK"]
[Source "ChessBase"]
[SourceDate "2004.07.06"]
[WhiteTeam "Germany"]
[BlackTeam "Austria"]
[WhiteTeamCountry "GER"]
[BlackTeamCountry "AUT"]

1. d4 Nf6 2. c4 e6 3. Nc3 Bb4 4. e3 c5 5. Bd3 O-O 6. Nf3 d5 7. O-O cxd4 8. exd4
dxc4 9. Bxc4 b6 10. Bg5 Bb7 11. Rc1 Nbd7 12. Qe2 Rc8 13. Bd3 Bxc3 14. bxc3 Qc7
15. c4 Ng4 16. Be4 Bxe4 17. Qxe4 Ngf6 18. Qd3 h6 19. Bh4 b5 20. c5 Qc6 21. Rb1
a6 22. a4 bxa4 23. Bxf6 gxf6 24. Nd2 e5 25. Ne4 exd4 26. Nd6 Rc7 27. Qg3+ Kh7
28. Nf5 Rg8 29. Qxg8+ Kxg8 30. Ne7+ Kf8 31. Nxc6 Rxc6 32. Rfd1 Nxc5 33. Rxd4
Ke7 34. Kf1 Ne6 35. Rxa4 Kf8 36. Rb8+ Kg7 37. g3 Nf8 38. h4 Ng6 39. Rd4 Rc7 40.
Rdd8 h5 41. Rd6 Ne5 42. Rxa6 Rc2 43. Raa8 Ng6 44. Ra4 Ne5 45. Raa8 Ng6 46. Rg8+
Kh7 47. Rgc8 Rb2 48. Rc6 Kg7 49. Raa6 f5 50. Rc5 f4 51. Rf5 fxg3 52. fxg3 Rb7
53. Rxh5 Rc7 54. Rg5 Kh6 55. Kg2 Rb7 56. Kh3 Rc7 57. Rga5 Kg7 58. Ra7 Rc8 59.
Rf5 Nh8 60. Rg5+ Kh6 61. Ra6+ Ng6 62. Rf5 Kg7 63. h5 Nh8 64. Raf6 Rc7 65. Rf4
Ra7 66. R6f5 Rb7 67. Rc4 Rb8 68. Kh4 Kh7 69. Rfc5 Rb1 70. Rc8 1-0

[Event "Mitropa Cup 23th"]
[Site "Zemplinska Sirava"]
[Date "2004.06.04"]
[Round "7.3"]
[White "Kuba, Guenter"]
[Black "Seel, Christian"]
[Result "1/2-1/2"]
[WhiteElo "2339"]
[BlackElo "2433"]
[PlyCount "64"]
[EventDate "2004.05.29"]
[EventType "team-tourn"]
[EventRounds "9"]
[EventCountry "SVK"]
[Source "ChessBase"]
[SourceDate "2004.07.06"]
[WhiteTeam "Austria"]
[BlackTeam "Germany"]
[WhiteTeamCountry "AUT"]
[BlackTeamCountry "GER"]

1. e4 e5 2. Nf3 d6 3. d4 exd4 4. Qxd4 a6 5. Bg5 Nc6 6. Qd2 Nf6 7. Nc3 Be7 8.
O-O-O O-O 9. Bd3 Be6 10. Kb1 h6 11. Bf4 Re8 12. h3 Nd7 13. g4 Nde5 14. Nxe5
dxe5 15. Be3 Bh4 16. Nd5 Ne7 17. Bc4 Nc8 18. Qa5 Nd6 19. Nxc7 Nxc4 20. Rxd8
Bxd8 21. Qc5 Be7 22. Qxe7 Rxe7 23. Nxa8 Nxe3 24. fxe3 Rd7 25. Kc1 Kh7 26. Nb6
Rd6 27. Nd5 h5 28. gxh5 Kh6 29. c4 Rc6 30. b3 Kxh5 31. h4 Bg4 32. Kd2 g6
1/2-1/2

[Event "Mitropa Cup 23th"]
[Site "Zemplinska Sirava"]
[Date "2004.06.04"]
[Round "7.4"]
[White "Bindrich, Falko"]
[Black "Pilaj, Herwig"]
[Result "0-1"]
[WhiteElo "2253"]
[BlackElo "2389"]
[PlyCount "66"]
[EventDate "2004.05.29"]
[EventType "team-tourn"]
[EventRounds "9"]
[EventCountry "SVK"]
[Source "ChessBase"]
[SourceDate "2004.07.06"]
[WhiteTeam "Germany"]
[BlackTeam "Austria"]
[WhiteTeamCountry "GER"]
[BlackTeamCountry "AUT"]

1. e4 e6 2. d4 d5 3. Nc3 Bb4 4. e5 c5 5. a3 Bxc3+ 6. bxc3 Qa5 7. Bd2 Qa4 8. Qb1
c4 9. Nf3 Nc6 10. h4 f6 11. Bf4 Qa5 12. Qb2 Bd7 13. h5 O-O-O 14. Rb1 b6 15. Be2
Rf8 16. g3 fxe5 17. Bxe5 Nf6 18. h6 gxh6 19. Bxf6 Rxf6 20. O-O Rhf8 21. Kg2 Be8
22. Nh2 h5 23. Nf3 Bg6 24. Nh4 Kb7 25. f4 Rg8 26. Kh2 Ne7 27. Rbe1 Nf5 28. Nxf5
Bxf5 29. Bf3 Qa4 30. Re5 Rg7 31. Rfe1 h4 32. g4 Bxg4 33. Bh1 Rxf4 0-1

[Event "Mitropa Cup 23th"]
[Site "Zemplinska Sirava"]
[Date "2004.06.04"]
[Round "7.1"]
[White "Jankovic, Alojzije"]
[Black "Babula, Vlastimil"]
[Result "1/2-1/2"]
[WhiteElo "2444"]
[BlackElo "2584"]
[PlyCount "35"]
[EventDate "2004.05.29"]
[EventType "team-tourn"]
[EventRounds "9"]
[EventCountry "SVK"]
[Source "ChessBase"]
[SourceDate "2004.07.06"]
[WhiteTeam "Croatia"]
[BlackTeam "Czech Republic"]
[WhiteTeamCountry "CRO"]
[BlackTeamCountry "CZE"]

1. d4 Nf6 2. c4 e6 3. Nf3 b6 4. g3 Ba6 5. b3 Bb4+ 6. Bd2 Be7 7. Bg2 c6 8. Bc3
d5 9. Nbd2 Nbd7 10. O-O O-O 11. Re1 Bb7 12. e4 Nxe4 13. Nxe4 dxe4 14. Rxe4 c5
15. Re3 Bf6 16. Rd3 cxd4 17. Bxd4 Qc7 18. Bxf6 1/2-1/2

[Event "Mitropa Cup 23th"]
[Site "Zemplinska Sirava"]
[Date "2004.06.04"]
[Round "7.3"]
[White "Kuljasevic, Davorin"]
[Black "Jirka, Jiri"]
[Result "1-0"]
[WhiteElo "2408"]
[BlackElo "2408"]
[PlyCount "37"]
[EventDate "2004.05.29"]
[EventType "team-tourn"]
[EventRounds "9"]
[EventCountry "SVK"]
[Source "ChessBase"]
[SourceDate "2004.07.06"]
[WhiteTeam "Croatia"]
[BlackTeam "Czech Republic"]
[WhiteTeamCountry "CRO"]
[BlackTeamCountry "CZE"]

1. d4 d5 2. c4 c6 3. Nf3 Nf6 4. Nc3 a6 5. e3 b5 6. b3 Bf5 7. Ne5 e6 8. g4 Ne4
9. gxf5 Nxc3 10. Qh5 Qf6 11. fxe6 Ne4 12. Qxf7+ Qxf7 13. exf7+ Kd8 14. f3 Nf6
15. Bh3 Bd6 16. Bd2 Nbd7 17. Bxd7 Bxe5 18. Be6 Ke7 19. dxe5 1-0

[Event "Mitropa Cup 23th"]
[Site "Zemplinska Sirava"]
[Date "2004.06.04"]
[Round "7.4"]
[White "Sikorova, Olga"]
[Black "Saric, Ante"]
[Result "0-1"]
[WhiteElo "2275"]
[BlackElo "2393"]
[PlyCount "102"]
[EventDate "2004.05.29"]
[EventType "team-tourn"]
[EventRounds "9"]
[EventCountry "SVK"]
[Source "ChessBase"]
[SourceDate "2004.07.06"]
[WhiteTeam "Czech Republic"]
[BlackTeam "Croatia"]
[WhiteTeamCountry "CZE"]
[BlackTeamCountry "CRO"]

1. e4 e5 2. Bc4 Nf6 3. d3 c6 4. Nf3 Be7 5. O-O Qc7 6. Re1 O-O 7. Bb3 d6 8. c3
Nbd7 9. d4 b5 10. Nbd2 a5 11. Nf1 a4 12. Bc2 Re8 13. Ng3 Nb6 14. Ng5 h6 15. Nf3
Bf8 16. Nh4 g6 17. f4 c5 18. fxe5 dxe5 19. d5 c4 20. Rf1 Bc5+ 21. Kh1 Qe7 22.
Nf3 Ng4 23. Qe2 Kg7 24. a3 Bd7 25. h3 Nf6 26. Bd2 Nc8 27. Nh2 Nd6 28. Rf3 Nh7
29. Re1 Qh4 30. Ref1 Ng5 31. Be1 Nxf3 32. Nf5+ gxf5 33. Bxh4 Nxh4 34. Qh5 fxe4
35. Qxh4 f5 36. g4 f4 37. g5 h5 38. Rd1 Bf5 39. Qe1 Rad8 40. h4 e3 41. Qe2 Bxc2
42. Qxc2 e4 43. Qe2 Nf5 44. Kg2 Nxh4+ 45. Kh3 f3 46. Qc2 Ng6 47. d6 e2 48. d7
Re7 49. Rh1 Nf4+ 50. Kg3 Nd3 51. Qd2 Bf2+ 0-1

[Event "Mitropa Cup 23th"]
[Site "Zemplinska Sirava"]
[Date "2004.06.04"]
[Round "7.1"]
[White "Guidarelli, Laurent"]
[Black "Horvath, Adam"]
[Result "1-0"]
[WhiteElo "2444"]
[BlackElo "2517"]
[PlyCount "67"]
[EventDate "2004.05.29"]
[EventType "team-tourn"]
[EventRounds "9"]
[EventCountry "SVK"]
[Source "ChessBase"]
[SourceDate "2004.07.06"]
[WhiteTeam "France"]
[BlackTeam "Hungary"]
[WhiteTeamCountry "FRA"]
[BlackTeamCountry "HUN"]

1. d4 Nf6 2. Nf3 d5 3. c4 e6 4. e3 dxc4 5. Bxc4 a6 6. a4 c5 7. O-O Nc6 8. Qe2
Qc7 9. Rd1 Bd6 10. dxc5 Bxc5 11. b3 O-O 12. Bb2 e5 13. Nc3 Bg4 14. h3 Bh5 15.
Nd5 Nxd5 16. Bxd5 Rfe8 17. Rac1 Bf8 18. g4 Bg6 19. h4 h6 20. h5 Bh7 21. g5 Kh8
22. gxh6 gxh6 23. Nxe5 Rxe5 24. f4 Bg7 25. fxe5 Bxe5 26. Qh2 Rg8+ 27. Kh1 Rg5
28. Rg1 Rf5 29. Bxc6 bxc6 30. e4 Rxh5 31. Qxh5 Bxb2 32. Qxh6 Qe7 33. Rc2 Bd4
34. Qxh7+ 1-0

[Event "Mitropa Cup 23th"]
[Site "Zemplinska Sirava"]
[Date "2004.06.04"]
[Round "7.2"]
[White "Balogh, Csaba"]
[Black "Libiszewski, Fabien"]
[Result "1/2-1/2"]
[WhiteElo "2468"]
[BlackElo "2441"]
[PlyCount "107"]
[EventDate "2004.05.29"]
[EventType "team-tourn"]
[EventRounds "9"]
[EventCountry "SVK"]
[Source "ChessBase"]
[SourceDate "2004.07.06"]
[WhiteTeam "Hungary"]
[BlackTeam "France"]
[WhiteTeamCountry "HUN"]
[BlackTeamCountry "FRA"]

1. e4 e6 2. d4 d5 3. Nd2 Nf6 4. e5 Nfd7 5. Bd3 c5 6. c3 Nc6 7. Ne2 cxd4 8. cxd4
f6 9. exf6 Nxf6 10. Nf3 Qc7 11. O-O Bd6 12. Bg5 O-O 13. Bh4 Nh5 14. Qc2 h6 15.
Bh7+ Kh8 16. Bg6 Rxf3 17. Bxh5 Rf8 18. Bg3 Bd7 19. Rad1 Rf6 20. Qd2 Be8 21. Bg4
Bxg3 22. hxg3 Bf7 23. Bf3 Rf8 24. Nf4 Qb6 25. Rfe1 g5 26. Ne2 Bg6 27. Nc3 Nb4
28. Na4 Qd6 29. Nc5 Nc2 30. Re2 b6 31. Na6 Rc8 32. Rc1 Rc4 33. b3 Rc6 34. Kh2
Kg7 35. Bg4 Kf7 36. Qd1 h5 37. Rcxc2 Bxc2 38. Bxh5+ Bg6 39. Re5 Rc8 40. Rxg5
Rh8 41. Kg1 Rxh5 42. Rxh5 Bxh5 43. Qxh5+ Kg7 44. Qg5+ Rg6 45. Qe3 Kg8 46. Qc3
Rg7 47. Nb4 Rc7 48. Qe1 Qe7 49. Nd3 Qf6 50. a4 Qf5 51. Qd2 Rg7 52. Qc3 Qe4 53.
Qc8+ Kh7 54. Qc3 1/2-1/2

[Event "Mitropa Cup 23th"]
[Site "Zemplinska Sirava"]
[Date "2004.06.04"]
[Round "7.3"]
[White "Wirig, Anthony"]
[Black "Antal, Gergely"]
[Result "1/2-1/2"]
[WhiteElo "2422"]
[BlackElo "2495"]
[PlyCount "45"]
[EventDate "2004.05.29"]
[EventType "team-tourn"]
[EventRounds "9"]
[EventCountry "SVK"]
[Source "ChessBase"]
[SourceDate "2004.07.06"]
[WhiteTeam "France"]
[BlackTeam "Hungary"]
[WhiteTeamCountry "FRA"]
[BlackTeamCountry "HUN"]

1. d4 f5 2. Bg5 g6 3. Nd2 Bg7 4. e3 Nf6 5. h4 h6 6. Bxf6 Bxf6 7. Bd3 d5 8. g4
h5 9. gxf5 Bxf5 10. Bxf5 gxf5 11. Ne2 Qd6 12. Ng3 f4 13. Nxh5 fxe3 14. fxe3
Bxd4 15. Qg4 Bxb2 16. Rb1 Kd8 17. Rxb2 Qe5 18. Nf4 Qxb2 19. Ne6+ Kd7 20. Nd4+
Kd8 21. Ne6+ Kd7 22. Nd4+ Kd8 23. Ne6+ 1/2-1/2

[Event "Mitropa Cup 23th"]
[Site "Zemplinska Sirava"]
[Date "2004.06.04"]
[Round "7.4"]
[White "Erdos, Viktor"]
[Black "Prie, Eric"]
[Result "1/2-1/2"]
[WhiteElo "2473"]
[BlackElo "2427"]
[PlyCount "41"]
[EventDate "2004.05.29"]
[EventType "team-tourn"]
[EventRounds "9"]
[EventCountry "SVK"]
[Source "ChessBase"]
[SourceDate "2004.07.06"]
[WhiteTeam "Hungary"]
[BlackTeam "France"]
[WhiteTeamCountry "HUN"]
[BlackTeamCountry "FRA"]

1. d4 d5 2. c4 c6 3. Nf3 Nf6 4. Nc3 a6 5. Ne5 Nbd7 6. Bf4 dxc4 7. Nxc4 b5 8.
Ne5 Bb7 9. e3 e6 10. Be2 c5 11. O-O cxd4 12. exd4 Nxe5 13. dxe5 Nd5 14. Nxd5
Qxd5 15. Qxd5 Bxd5 16. a4 b4 17. Rac1 g5 18. Be3 Bg7 19. Bc5 Bxe5 20. Bxb4 Kd7
21. Bc3 1/2-1/2

[Event "Mitropa Cup 23th"]
[Site "Zemplinska Sirava"]
[Date "2004.06.04"]
[Round "7.1"]
[White "Mikhalchishin, Adrian"]
[Black "Gerber, Richard"]
[Result "0-1"]
[WhiteElo "2527"]
[BlackElo "2414"]
[PlyCount "80"]
[EventDate "2004.05.29"]
[EventType "team-tourn"]
[EventRounds "9"]
[EventCountry "SVK"]
[Source "ChessBase"]
[SourceDate "2004.07.06"]
[WhiteTeam "Slovenia"]
[BlackTeam "Switzerland"]
[WhiteTeamCountry "SLO"]
[BlackTeamCountry "SUI"]

1. d4 d5 2. c4 e6 3. Nc3 Nf6 4. Bg5 Be7 5. Nf3 O-O 6. Qc2 h6 7. Bxf6 Bxf6 8.
O-O-O c6 9. e4 dxc4 10. Bxc4 b5 11. Be2 b4 12. Na4 Ba6 13. Kb1 Bxe2 14. Qxe2
Nd7 15. Rc1 Rc8 16. Rhd1 Be7 17. Qa6 Rc7 18. g3 Qa8 19. Nc5 Nf6 20. Qc4 a5 21.
Ne5 Kh7 22. f3 Rfc8 23. Rc2 Bf8 24. Qd3 Kg8 25. g4 Rd8 26. Qa6 Ne8 27. Qxa8
Rxa8 28. Na4 Bd6 29. Nc4 Be7 30. h3 g6 31. Ne5 Ra6 32. Rdc1 Bg5 33. Rxc6 Bxc1
34. Rxa6 Be3 35. Nc6 Nd6 36. Nc5 Nb5 37. Nb3 a4 38. Nc5 a3 39. Ra4 Rxc6 40.
Rxb4 Nxd4 0-1

[Event "Mitropa Cup 23th"]
[Site "Zemplinska Sirava"]
[Date "2004.06.04"]
[Round "7.2"]
[White "Papa, Severin"]
[Black "Borisek, Jure"]
[Result "1-0"]
[WhiteElo "2405"]
[BlackElo "2464"]
[PlyCount "123"]
[EventDate "2004.05.29"]
[EventType "team-tourn"]
[EventRounds "9"]
[EventCountry "SVK"]
[Source "ChessBase"]
[SourceDate "2004.07.06"]
[WhiteTeam "Switzerland"]
[BlackTeam "Slovenia"]
[WhiteTeamCountry "SUI"]
[BlackTeamCountry "SLO"]

1. d4 d5 2. c4 dxc4 3. e3 Nf6 4. Bxc4 e6 5. Nf3 c5 6. O-O a6 7. Bb3 b5 8. a4 b4
9. Nbd2 Bb7 10. e4 cxd4 11. e5 Nfd7 12. Nc4 Nc6 13. Bf4 Nc5 14. Ba2 Be7 15.
Nd6+ Bxd6 16. exd6 Qf6 17. Bg5 Qf5 18. Rc1 O-O 19. Bb1 d3 20. Be3 Ne4 21. Qxd3
Ne5 22. Nxe5 Qxe5 23. f3 Nf6 24. Rc5 Bd5 25. Bd4 Qh5 26. Re1 Nd7 27. Rc7 Rfd8
28. Qd2 a5 29. Qf4 f6 30. Be4 Bxe4 31. Qxe4 Nf8 32. Rec1 Qd5 33. Qxd5 exd5 34.
R7c6 Kf7 35. Bb6 Rdb8 36. Bc7 Rc8 37. Rd1 Ke6 38. Rc5 Kd7 39. Rdxd5 Ne6 40. Rc4
Ra7 41. Kf2 Nd8 42. Ke3 Ra6 43. Re4 Nc6 44. Rh5 h6 45. Rb5 Ra7 46. Kd3 Ra6 47.
f4 Ra7 48. Kc4 g5 49. Rf5 Rf8 50. b3 Rf7 51. g3 Ra8 52. Kd5 gxf4 53. Rexf4 Re8
54. Rxf6 Re5+ 55. Kc4 Rxf6 56. Rxf6 Rh5 57. h4 Ne5+ 58. Kd4 Nc6+ 59. Ke4 Re5+
60. Kd3 h5 61. Rf7+ Ke6 62. Re7+ 1-0

[Event "Mitropa Cup 23th"]
[Site "Zemplinska Sirava"]
[Date "2004.06.04"]
[Round "7.3"]
[White "Lenic, Luka"]
[Black "Landenbergue, Claude"]
[Result "1/2-1/2"]
[WhiteElo "2374"]
[BlackElo "2394"]
[PlyCount "89"]
[EventDate "2004.05.29"]
[EventType "team-tourn"]
[EventRounds "9"]
[EventCountry "SVK"]
[Source "ChessBase"]
[SourceDate "2004.07.06"]
[WhiteTeam "Slovenia"]
[BlackTeam "Switzerland"]
[WhiteTeamCountry "SLO"]
[BlackTeamCountry "SUI"]

1. Nf3 d5 2. d4 Nf6 3. c4 e6 4. Nc3 Bb4 5. cxd5 exd5 6. Bg5 h6 7. Bh4 g5 8. Bg3
Ne4 9. Nd2 Nxg3 10. hxg3 c5 11. a3 cxd4 12. axb4 dxc3 13. bxc3 Qf6 14. e3 O-O
15. Ra3 Nc6 16. Qf3 Qg6 17. Qh5 Qxh5 18. Rxh5 Kg7 19. Nb3 Bf5 20. Kd2 Rfc8 21.
Rh1 Ne5 22. Nd4 Be6 23. Be2 a6 24. Rha1 Rab8 25. Rb1 Ra8 26. Ra5 Nc6 27. Rc5
Ne7 28. Rxc8 Nxc8 29. Ra1 Nd6 30. Bd3 b6 31. Rxa6 Ne4+ 32. Ke1 Rxa6 33. Bxa6
Nxc3 34. f3 Na2 35. Kd2 Nxb4 36. Bb7 Kf6 37. g4 Ke5 38. Kc3 Na2+ 39. Kb3 Nc1+
40. Kc2 Na2 41. Kb3 Nc1+ 42. Kc3 Na2+ 43. Kb3 Nc1+ 44. Kc2 Na2 45. Kb3 1/2-1/2

[Event "Mitropa Cup 23th"]
[Site "Zemplinska Sirava"]
[Date "2004.06.04"]
[Round "7.4"]
[White "Masserey, Yvan"]
[Black "Sakelsek, Tadej"]
[Result "0-1"]
[WhiteElo "2325"]
[BlackElo "2374"]
[PlyCount "110"]
[EventDate "2004.05.29"]
[EventType "team-tourn"]
[EventRounds "9"]
[EventCountry "SVK"]
[Source "ChessBase"]
[SourceDate "2004.07.06"]
[WhiteTeam "Switzerland"]
[BlackTeam "Slovenia"]
[WhiteTeamCountry "SUI"]
[BlackTeamCountry "SLO"]

1. e4 c5 2. Nf3 Nc6 3. d4 cxd4 4. Nxd4 Qc7 5. Nc3 e6 6. g3 a6 7. Bg2 Nf6 8. O-O
Bc5 9. Nxc6 dxc6 10. b3 O-O 11. Na4 Ba7 12. c4 Rd8 13. Qc2 Bd4 14. Bb2 e5 15.
c5 Bg4 16. b4 Bxb2 17. Nxb2 Rd4 18. a3 Rad8 19. Nc4 Ne8 20. Rfe1 f6 21. Rac1
Qd7 22. Qb1 Nc7 23. Nd6 Nb5 24. Nxb5 axb5 25. a4 bxa4 26. Qa2+ Kf8 27. Qxa4 Rd2
28. Qa1 Qf7 29. h3 Be2 30. Qa5 Qd7 31. Qa1 Qd4 32. Qxd4 R8xd4 33. Rb1 Bd3 34.
Rb3 Bc4 35. Ra3 Rb2 36. Bf3 Ba6 37. Bg2 Rdxb4 38. Bf1 Rb1 39. Rae3 Bxf1 40.
Kxf1 Rxe1+ 41. Rxe1 Rc4 42. Rb1 Rxe4 43. Rxb7 Rc4 44. Ke2 Rxc5 45. Rc7 h5 46.
h4 Kg8 47. Ke3 Kh7 48. Ke2 Kh6 49. Ke3 g5 50. Kf3 gxh4 51. gxh4 Kg6 52. Kg2 Rc3
53. Rc8 c5 54. Kh2 c4 55. Kg2 Kf5 0-1

[Event "Mitropa Cup 23th"]
[Site "Zemplinska Sirava"]
[Date "2004.06.05"]
[Round "8.2"]
[White "Borisek, Jure"]
[Black "Balinov, Ilija"]
[Result "1-0"]
[WhiteElo "2464"]
[BlackElo "2382"]
[PlyCount "123"]
[EventDate "2004.05.29"]
[EventType "team-tourn"]
[EventRounds "9"]
[EventCountry "SVK"]
[Source "ChessBase"]
[SourceDate "2004.07.06"]
[WhiteTeam "Slovenia"]
[BlackTeam "Austria"]
[WhiteTeamCountry "SLO"]
[BlackTeamCountry "AUT"]

1. e4 c6 2. d4 d5 3. exd5 cxd5 4. c4 Nf6 5. Nc3 e6 6. Nf3 Bb4 7. Bd3 dxc4 8.
Bxc4 O-O 9. O-O b6 10. Bg5 Bb7 11. Qe2 Bxc3 12. bxc3 Nbd7 13. Ne5 Qc7 14. Nxd7
Nxd7 15. Rac1 Rfe8 16. Bd3 Nf8 17. Qg4 Ng6 18. Rfe1 Qd6 19. h4 f5 20. Qh3 h6
21. Bd2 Rad8 22. Bc4 Kh8 23. Bf1 Be4 24. f3 Bc6 25. h5 Nf8 26. Qh4 Nh7 27. Re5
Qxe5 28. dxe5 Rxd2 29. Qe1 Red8 30. Be2 Ba4 31. f4 Nf8 32. a3 Kg8 33. Rb1 R8d5
34. Bf3 R5d3 35. Qh4 Kf7 36. Rb4 Bd1 37. Bb7 Rxc3 38. Qe1 Rdc2 39. Rd4 Bxh5 40.
Qh4 Bg4 41. Qd8 Rc7 42. Ba6 Re7 43. Bb5 Be2 44. Ba4 Rc4 45. Rxc4 Bxc4 46. Bc6
Ba6 47. g3 Bb7 48. Ba4 Be4 49. Kf2 g5 50. fxg5 hxg5 51. Ke3 Bd5 52. Bd1 g4 53.
Ba4 Be4 54. Bb5 Bd5 55. Kf4 a6 56. Bxa6 Ng6+ 57. Kg5 Nxe5 58. Bb5 Nf3+ 59. Kh6
Nd4 60. Bd3 f4 61. Bg6+ Kf6 62. Qh8+ 1-0

[Event "Mitropa Cup 23th"]
[Site "Zemplinska Sirava"]
[Date "2004.06.05"]
[Round "8.3"]
[White "Kuba, Guenter"]
[Black "Lenic, Luka"]
[Result "1/2-1/2"]
[WhiteElo "2339"]
[BlackElo "2374"]
[PlyCount "97"]
[EventDate "2004.05.29"]
[EventType "team-tourn"]
[EventRounds "9"]
[EventCountry "SVK"]
[Source "ChessBase"]
[SourceDate "2004.07.06"]
[WhiteTeam "Austria"]
[BlackTeam "Slovenia"]
[WhiteTeamCountry "AUT"]
[BlackTeamCountry "SLO"]

1. e4 c5 2. Nf3 g6 3. d4 cxd4 4. Qxd4 Nf6 5. Bb5 Nc6 6. Bxc6 dxc6 7. Qxd8+ Kxd8
8. Nc3 Bg7 9. Bf4 Ke8 10. h3 Nd7 11. e5 h6 12. Ne4 Nb6 13. O-O-O Bf5 14. Nc5
Nd5 15. Bh2 b6 16. Nb3 Be4 17. Rhe1 Bxf3 18. gxf3 e6 19. c4 Ne7 20. Nd4 Rd8 21.
b4 Rd7 22. Re2 c5 23. bxc5 bxc5 24. Nb3 Rxd1+ 25. Kxd1 Kd7 26. Rd2+ Kc8 27.
Nxc5 Nc6 28. f4 Bf8 29. Ne4 Bb4 30. Rd3 Rd8 31. Rxd8+ Kxd8 32. f3 Be7 33. Bg1
g5 34. Be3 gxf4 35. Bxf4 h5 36. Bh2 Na5 37. c5 Kd7 38. Kc2 Kc6 39. Kd3 Bxc5 40.
Ng5 Kd5 41. Nxf7 Nc6 42. a4 Bd4 43. f4 Nb4+ 44. Kd2 Na6 45. Nd6 Nc5 46. Nb5
Ne4+ 47. Ke2 Nc3+ 48. Nxc3+ Bxc3 49. Kd3 1/2-1/2